Gestión del voluntariado /

Guardat en:
Dades bibliogràfiques
Autor principal: Chacón, Fernando (autor)
Altres autors: Vecina, M.L. (autor) (autor)
Format: Llibre
Idioma:espanyol
Publicat: Madrid, España : Síntesis, 2002, c2002
Col·lecció:(Análisis e Intervención Social ; 3)
Matèries:
Etiquetes: Afegir etiqueta
Sense etiquetes, Sigues el primer a etiquetar aquest registre!

MARC

LEADER 00000nam^a2200000^a^4500
001 000156125
005 20250521000000.0
009 20260310100454.167
020 |a 84-9756-022-1 
037 |a Acervo ITESO - Biblioteca 
041 |a ESP 
082 |a 361. 7  |b CHA 
100 |a Chacón, Fernando  |e (autor) 
245 1 0 |a Gestión del voluntariado /  |c F. Chacón, M.L. Vecina. 
264 4 |a Madrid, España :  |b Síntesis,  |c 2002, c2002 
300 |a 171 p. 
336 |a texto  |b txt  |2 rdacontenido 
337 |a sin mediación  |b n  |2 rdamedio 
338 |a volumen  |b nc  |2 rdasoporte 
440 1 |a (Análisis e Intervención Social ;  |v 3) 
649 |a XX 
650 |a Beneficencia -  |z España 
650 |a Beneficencia -  |z Europa 
650 |a Beneficencia -  |x Administración 
650 |a Organizaciones No Gubernamentales 
650 |a Problemas Sociales 
650 |a Intervención Social 
650 |a Programas Sociales 
650 |a Política Social 
650 |a Psicología Social 
650 |a Sociología 
700 |a Vecina, M.L.  |e (autor) 
910 |a Fondo General 
920 |a Impresos - Libros 
930 |a Colección General 
905 |a 101 
901 |a 0500083562  |b IT1  |c ACC  |u 20250521 
902 |a https://opac.biblio.iteso.mx/vufind/Record/000156125